000 01325nam0a2200385 4500
001 RU\NLR\bibl\1317858
005 20250615155932.0
010 _a978-5-9533-3479-2
_93000
021 _aRU
_b2008-93046
_95451
035 _a(nilc)EL/0000230132
035 _aRU\LSL\TAT_B\2216
035 _aRU\LSL\Books\2530068
035 _a(NLR Aleph) 001303229
090 _a632647
_c632647
100 _a20081028d2009 |||y0rusy50 ca
101 0 _arus
102 _aRU
105 _aa |||||||||
200 1 _aБелые генералы и красная смута
_fС. В. Карпенко
210 _aМосква
_cВече
_d2009 (печ. 2008)
215 _a430, [1] с., [8] л. ил., [цв. ил.]
_cил.
_d25
225 1 _aЗа веру и верность
320 _aБиблиогр.: с. 421-429
606 1 _aБелые армии
_xТыл
_92538315
_3RU\NLR\AUTH\661502962
686 _aТ3(2)612-414.81
_vLBC/M
_2rubbk
686 _a03.19
_2rugasnti
686 _aЦ35(2)712-7,2
700 1 _aКарпенко
_bС. В.
_gСергей Владимирович
_4070
801 0 _aRU
_bНБ Казанского ГУ
_c20081028
_gRCR
801 1 _aRU
_bНБ Казанского ГУ
_c20081201
_gRCR
801 2 _aRU
_bNLR
_c20090120
_grcr
942 _cBOOK
980 _aNB